[Event "HUN-chT2 Szechenyi 2223"]
[Site "Hungary"]
[Date "2023.01.29"]
[Round "4.4"]
[White "Papp, Gabor1"]
[Black "Bali, Adam"]
[Result "1-0"]
[WhiteElo "2033"]
[BlackElo "1934"]
[PlyCount "91"]
[EventDate "2022.11.20"]
[EventType "team-tourn"]
[EventRounds "9"]
[EventCountry "HUN"]
[SourceTitle "EXT 2025"]
[Source "ChessBase"]
[SourceDate "2024.10.14"]
[SourceVersion "1"]
[SourceVersionDate "2024.10.14"]
[SourceQuality "1"]
[WhiteTeam "Szechenyi ESE"]
[BlackTeam "Csuti Baki Agrocentrum"]
[WhiteTeamCountry "HUN"]
[BlackTeamCountry "HUN"]

1. e4 e6 2. d4 d5 3. exd5 exd5 4. Nf3 Bd6 5. Bd3 Ne7 6. Bg5 Bg4 7. c3 Nbc6 8. Nbd2 Qd7 9. Qc2 h6 10. Bh4 0-0-0 11. 0-0-0 Rde8 12. Rde1 Nf5 13. Rxe8+ Rxe8 14. h3 Nxh4 15. hxg4 Nxg2 16. Bf5 Re6 17. Bxe6 fxe6 18. g5 Bf8 19. gxh6 gxh6 20. Qg6 Nf4 21. Qf6 Nd3+ 22. Kc2 Bg7 23. Qg6 Nf4 24. Qh7 Qf7 25. Rxh6 Qf5+ 26. Qxf5 exf5 27. Rh7 Ne6 28. Ng5 Nxg5 29. Rxg7 Ne4 30. f3 Nd6 31. Nf1 Nd8 32. Ne3 c6 33. b3 Ne6 34. Rh7 Ng5 35. Rh5 Nxf3 36. Nxf5 Ne4 37. Rh7 Nfg5 38. Rg7 Ne6 39. Re7 Nc7 40. c4 Ng5 41. Kd3 dxc4+ 42. bxc4 b6 43. Ke3 b5 44. Kf4 Nge6+ 45. Ke5 Nf8 46. Kd6 1-0

[Event "HUN-chT2 Szechenyi 2122"]
[Site "Hungary"]
[Date "2022.03.20"]
[Round "8.5"]
[White "Bali, Adam"]
[Black "Szelenyi, Norbert"]
[Result "0-1"]
[WhiteElo "1941"]
[BlackElo "2276"]
[PlyCount "102"]
[EventDate "2021.10.10"]
[EventType "team-tourn"]
[EventRounds "9"]
[EventCountry "HUN"]
[SourceTitle "EXT 2025"]
[Source "ChessBase"]
[SourceDate "2024.10.14"]
[SourceVersion "1"]
[SourceVersionDate "2024.10.14"]
[SourceQuality "1"]
[WhiteTeam "Csuti Baki Agrocentrum"]
[BlackTeam "Sentimento Ajka BSK"]
[WhiteTeamCountry "HUN"]
[BlackTeamCountry "HUN"]

1. e4 c5 2. Nf3 a6 3. d4 cxd4 4. Nxd4 Nf6 5. Nc3 e5 6. Nb3 Bb4 7. Bg5 h6 8. Bxf6 Bxc3+ 9. bxc3 Qxf6 10. Be2 0-0 11. a4 Rd8 12. 0-0 d6 13. Qd2 Nc6 14. Bf3 Be6 15. Rab1 Rac8 16. Rfd1 Qe7 17. Qe3 Qc7 18. Rd3 Rd7 19. Rbd1 Na5 20. Nxa5 Qxa5 21. Rxd6 Rxd6 22. Rxd6 Qxa4 23. Qb6 Qa1+ 24. Rd1 Qxc3 25. Qxb7 a5 26. Qa6 Qb4 27. h3 Rxc2 28. Qd6 Qxd6 29. Rxd6 Rc1+ 30. Kh2 a4 31. Rd8+ Kh7 32. Ra8 Ra1 33. Bg4 Bb3 34. Bd7 a3 35. Bc6 a2 36. Bd5 Rb1 37. Bxb3 a1Q 38. Rxa1 Rxa1 39. Bxf7 Ra7 40. Bd5 Kg6 41. Kg3 Ra3+ 42. f3 Rc3 43. Be6 Rc2 44. h4 Kf6 45. Bd5 Ke7 46. Kh3 Kf6 47. g3 Rf2 48. Kg4 g6 49. h5 gxh5+ 50. Kxh5 Rh2+ 51. Kg4 h5# 0-1

[Event "HUN-chT2 Szechenyi 1819"]
[Site "Hungary"]
[Date "2019.02.24"]
[Round "6.9"]
[White "Bali, Adam"]
[Black "Kiss, Balazs4"]
[Result "1/2-1/2"]
[WhiteElo "1956"]
[BlackElo "1935"]
[PlyCount "97"]
[EventDate "2018.10.28"]
[EventType "team-tourn"]
[EventRounds "9"]
[EventCountry "HUN"]
[SourceTitle "EXT 2021"]
[Source "ChessBase"]
[SourceDate "2020.10.23"]
[SourceVersion "1"]
[SourceVersionDate "2020.10.23"]
[SourceQuality "1"]
[WhiteTeam "Csuti Baki Agrocentrum"]
[BlackTeam "Gyor Elektromos"]
[WhiteTeamCountry "HUN"]
[BlackTeamCountry "HUN"]

1. e4 c6 2. d4 d5 3. Nc3 dxe4 4. Nxe4 Nf6 5. Ng3 e6 6. Nf3 Bd6 7. Bd3 Nbd7 8. Qe2 0-0 9. Bd2 Qc7 10. Ne4 Bf4 11. 0-0-0 Bxd2+ 12. Rxd2 b5 13. Nxf6+ Nxf6 14. Ne5 Bb7 15. Rhd1 a5 16. g3 b4 17. g4 a4 18. g5 Nd5 19. Qe4 g6 20. Ng4 b3 21. a3 c5 22. Qe5 Qxe5 23. dxe5 Nf4 24. Nf6+ Kg7 25. Be4 Bxe4 26. Nxe4 Rac8 27. Re1 c4 28. Rd4 Rc6 29. Nd6 Nh3 30. Re3 Nxf2 31. Rd2 Ng4 32. Re4 h5 33. h3 Nxe5 34. Rxe5 c3 35. bxc3 Rxc3 36. Kb2 Rxh3 37. cxb3 Rxb3+ 38. Ka2 Rfb8 39. Ra5 Rg3 40. Ne4 Rg4 41. Rxa4 Rb5 42. Nd6 Rbxg5 43. Rxg4 hxg4 44. Ne8+ Kf8 45. Nf6 Ke7 46. Ng8+ Kf8 47. Nf6 Kg7 48. Ne8+ Kf8 49. Nf6 1/2-1/2

[Event "HUN-chT2 Szechenyi 1718"]
[Site "Hungary"]
[Date "2018.03.25"]
[Round "8.10"]
[White "Bali, Adam"]
[Black "Kaufmann, Bertalan"]
[Result "1/2-1/2"]
[WhiteElo "1941"]
[BlackElo "1529"]
[PlyCount "28"]
[EventDate "2017.10.29"]
[EventType "team-tourn"]
[EventRounds "9"]
[EventCountry "HUN"]
[SourceTitle "EXT 2021"]
[Source "ChessBase"]
[SourceDate "2020.10.23"]
[SourceVersion "1"]
[SourceVersionDate "2020.10.23"]
[SourceQuality "1"]
[WhiteTeam "Csuti Baki Agrocentrum"]
[BlackTeam "Ajka ASSE"]
[WhiteTeamCountry "HUN"]
[BlackTeamCountry "HUN"]

1. e4 e5 2. Nf3 Nc6 3. Bb5 d6 4. d4 exd4 5. Nxd4 Bd7 6. Nc3 g6 7. Be3 Bg7 8. 0-0 Nf6 9. Re1 0-0 10. h3 Re8 11. Bxc6 bxc6 12. Bg5 h6 13. Bh4 Qb8 14. Nb3 Qb6 1/2-1/2

[Event "HUN-chT2 Szechenyi 1718"]
[Site "Hungary"]
[Date "2018.02.18"]
[Round "6.11"]
[White "Domonkos, Jozsef"]
[Black "Bali, Adam"]
[Result "0-1"]
[WhiteElo "1653"]
[BlackElo "1941"]
[PlyCount "56"]
[EventDate "2017.10.29"]
[EventType "team-tourn"]
[EventRounds "9"]
[EventCountry "HUN"]
[SourceTitle "EXT 2021"]
[Source "ChessBase"]
[SourceDate "2020.10.23"]
[SourceVersion "1"]
[SourceVersionDate "2020.10.23"]
[SourceQuality "1"]
[WhiteTeam "Veszprem Ezust Huszar"]
[BlackTeam "Csuti Baki Agrocentrum"]
[WhiteTeamCountry "HUN"]
[BlackTeamCountry "HUN"]

1. d4 d5 2. c4 e6 3. Nc3 Nf6 4. Bf4 c6 5. e3 Nbd7 6. cxd5 exd5 7. Bd3 Be7 8. Qc2 0-0 9. Nf3 Re8 10. h4 Nf8 11. 0-0-0 Ne6 12. Bg5 h6 13. Rh2 Nf8 14. Ne5 Ng4 15. Nxg4 Bxg4 16. Bxe7 Rxe7 17. f3 Bh5 18. g4 Bg6 19. h5 Bxd3 20. Qxd3 Qd6 21. Re2 Rae8 22. Rde1 Qg3 23. e4 Ne6 24. Qe3 Nf4 25. Rd2 Ng2 26. Qg1 Qxe1+ 27. Qxe1 Nxe1 28. exd5 cxd5 0-1

[Event "HUN-chT2 Charousek 1718"]
[Site "Hungary"]
[Date "2017.12.03"]
[Round "3.12"]
[White "Molnar, Gabor1"]
[Black "Bali, Adam"]
[Result "1-0"]
[WhiteElo "1959"]
[BlackElo "1957"]
[PlyCount "49"]
[EventDate "2017.10.29"]
[EventType "team-tourn"]
[EventRounds "9"]
[EventCountry "HUN"]
[SourceTitle "EXT 2020"]
[Source "ChessBase"]
[SourceDate "2019.10.17"]
[SourceVersion "1"]
[SourceVersionDate "2019.10.17"]
[SourceQuality "1"]
[WhiteTeam "Gyor Szechenyi"]
[BlackTeam "Csuti Hydro"]
[WhiteTeamCountry "HUN"]
[BlackTeamCountry "HUN"]

1. d4 d5 2. Nf3 Nf6 3. c4 e6 4. Nc3 Nbd7 5. Bg5 c6 6. e3 Qa5 7. Bxf6 Nxf6 8. a3 Ne4 9. Rc1 Nxc3 10. Rxc3 Bxa3 11. Nd2 Bxb2 12. Rc2 Bc3 13. Bd3 dxc4 14. Bxc4 0-0 15. 0-0 Bxd2 16. Rxd2 e5 17. d5 cxd5 18. Bxd5 Qc7 19. Qb3 Rb8 20. f4 exf4 21. Rxf4 Be6 22. Bxe6 fxe6 23. Qxe6+ Kh8 24. Rdf2 Rfe8 25. Qxe8+ 1-0

[Event "HUN-chT2 Szechenyi 1718"]
[Site "Hungary"]
[Date "2017.10.29"]
[Round "1.10"]
[White "Bali, Adam"]
[Black "Simo, Judit"]
[Result "1/2-1/2"]
[WhiteElo "1941"]
[BlackElo "1777"]
[PlyCount "104"]
[EventDate "2017.10.29"]
[EventType "team-tourn"]
[EventRounds "9"]
[EventCountry "HUN"]
[SourceTitle "EXT 2021"]
[Source "ChessBase"]
[SourceDate "2020.10.23"]
[SourceVersion "1"]
[SourceVersionDate "2020.10.23"]
[SourceQuality "1"]
[WhiteTeam "Csuti Baki Agrocentrum"]
[BlackTeam "Tapolca VSE II"]
[WhiteTeamCountry "HUN"]
[BlackTeamCountry "HUN"]

1. e4 c5 2. Nf3 d6 3. d4 cxd4 4. Nxd4 Nf6 5. Nc3 Nc6 6. Be2 e5 7. Nb3 Be7 8. 0-0 0-0 9. Be3 Be6 10. Bf3 Na5 11. Nxa5 Qxa5 12. Qd2 Ng4 13. Rfd1 Nxe3 14. Qxe3 Rac8 15. a3 Qc5 16. Qxc5 Rxc5 17. Be2 f5 18. Bd3 Bc4 19. f3 Kh8 20. exf5 Bxd3 21. Rxd3 Rxf5 22. Re1 Rf8 23. Re2 a6 24. Nd5 Bg5 25. c3 b5 26. Kf1 Rc4 27. Ke1 Rc5 28. Kd1 Rc4 29. Kc2 a5 30. Kb3 Rb8 31. Re4 Rxe4 32. fxe4 Rc8 33. Rf3 h6 34. Kc2 Kh7 35. Rf7 Rc4 36. Kd3 Bc1 37. b3 Rc8 38. a4 bxa4 39. bxa4 Rb8 40. Ra7 Rb2 41. Rxa5 Rxg2 42. Ra8 Rxh2 43. a5 Ra2 44. a6 h5 45. Nc7 h4 46. Rf8 Bf4 47. Rb8 h3 48. Rb1 h2 49. Rh1 g5 50. Ne6 Rxa6 51. Nxf4 gxf4 52. Rxh2+ Kg6 1/2-1/2

[Event "HUN-chT2 Szechenyi 1617"]
[Site "Hungary"]
[Date "2017.02.26"]
[Round "9.7"]
[White "Bali, Adam"]
[Black "Somogyi, Bela"]
[Result "1-0"]
[WhiteElo "1982"]
[BlackElo "1846"]
[PlyCount "45"]
[EventDate "2016.09.25"]
[EventType "team-tourn"]
[EventRounds "11"]
[EventCountry "HUN"]
[SourceTitle "EXT 2021"]
[Source "ChessBase"]
[SourceDate "2020.10.23"]
[SourceVersion "1"]
[SourceVersionDate "2020.10.23"]
[SourceQuality "1"]
[WhiteTeam "Csuti Baki Agrocentrum"]
[BlackTeam "Ajka ASSE"]
[WhiteTeamCountry "HUN"]
[BlackTeamCountry "HUN"]

1. e4 e6 2. d4 d5 3. Nd2 Nf6 4. e5 Nfd7 5. Bd3 c5 6. c3 Nc6 7. Ne2 cxd4 8. cxd4 Be7 9. Nf3 0-0 10. 0-0 Qb6 11. Re1 Re8 12. a3 Nf8 13. Nc3 a6 14. Na4 Qd8 15. Bd2 b5 16. Rc1 Bd7 17. Nc5 h6 18. b4 Qb6 19. Bb1 Nb8 20. Re3 Bc6 21. Ne1 Nbd7 22. Rg3 Ng6 23. Bxg6 1-0

[Event "HUN-chT U18"]
[Site "Hajduboszormeny"]
[Date "2016.11.06"]
[Round "8.55"]
[White "Bali, Adam"]
[Black "Vodila, Martin Botond"]
[Result "1/2-1/2"]
[WhiteElo "1972"]
[BlackElo "2100"]
[PlyCount "41"]
[EventDate "2016.11.02"]
[EventType "team-swiss"]
[EventRounds "8"]
[EventCountry "HUN"]
[SourceTitle "CBM 175 Extra"]
[Source "ChessBase"]
[SourceDate "2016.12.12"]
[SourceVersion "1"]
[SourceVersionDate "2016.12.12"]
[SourceQuality "1"]

1. e4 c6 2. d4 d5 3. Nc3 dxe4 4. Nxe4 Nd7 5. Nf3 Ngf6 6. Ng3 Qc7 7. Bd3 e6 8. Qe2 Bd6 9. c3 b6 10. Be3 Bb7 11. 0-0-0 0-0-0 12. Ng5 Nf8 13. N5e4 Ng6 14. Nxd6+ Qxd6 15. f3 Nf4 16. Bxf4 Qxf4+ 17. Kb1 Rhe8 18. Rhe1 Qh4 19. Nf1 Nd5 20. g3 Qe7 21. Ne3 1/2-1/2

[Event "HUN-chT2 Szechenyi 1617"]
[Site "Hungary"]
[Date "2016.10.09"]
[Round "2.4"]
[White "Bali, Adam"]
[Black "Szabo, Laszlo3"]
[Result "1/2-1/2"]
[WhiteElo "1982"]
[BlackElo "2015"]
[PlyCount "36"]
[EventDate "2016.09.25"]
[EventType "team-tourn"]
[EventRounds "11"]
[EventCountry "HUN"]
[SourceTitle "EXT 2021"]
[Source "ChessBase"]
[SourceDate "2020.10.23"]
[SourceVersion "1"]
[SourceVersionDate "2020.10.23"]
[SourceQuality "1"]
[WhiteTeam "Csuti Baki Agrocentrum"]
[BlackTeam "Gyor Szechenyi"]
[WhiteTeamCountry "HUN"]
[BlackTeamCountry "HUN"]

1. e4 c5 2. Nf3 Nc6 3. d4 cxd4 4. Nxd4 Nf6 5. Nc3 e5 6. Ndb5 d6 7. Bg5 a6 8. Na3 b5 9. Nd5 Be7 10. Bxf6 Bxf6 11. c3 0-0 12. Nc2 Rb8 13. Nce3 Bg5 14. h4 Bh6 15. Be2 Be6 16. Bg4 Bxd5 17. Nxd5 Ne7 18. g3 Nxd5 1/2-1/2

[Event "HUN-chT 1516"]
[Site "Hungary"]
[Date "2016.04.03"]
[Round "7.12"]
[White "Vajda, Szidonia"]
[Black "Bali, Adam"]
[Result "1-0"]
[WhiteElo "2358"]
[BlackElo "1928"]
[PlyCount "67"]
[EventDate "2015.11.07"]
[EventType "team-tourn"]
[EventRounds "11"]
[EventCountry "HUN"]
[SourceTitle "CBM 171 Extra"]
[Source "ChessBase"]
[SourceDate "2016.04.26"]
[SourceVersion "1"]
[SourceVersionDate "2016.04.26"]
[SourceQuality "1"]
[WhiteTeam "Paks"]
[BlackTeam "Csuti"]
[WhiteTeamCountry "HUN"]
[BlackTeamCountry "HUN"]

1. e4 e6 2. d4 d5 3. Nd2 Nf6 4. e5 Nfd7 5. Bd3 c5 6. c3 Nc6 7. Ne2 Qb6 8. Nf3 cxd4 9. cxd4 f6 10. exf6 Nxf6 11. 0-0 Bd6 12. Bf4 Bxf4 13. Nxf4 Qxb2 14. Re1 0-0 15. Nxe6 Bxe6 16. Rxe6 Rae8 17. Rb1 Qxa2 18. Rxe8 Rxe8 19. Rxb7 Nd8 20. Rb8 Nf7 21. Rxe8+ Nxe8 22. h4 Qa5 23. Qb1 h6 24. Bh7+ Kh8 25. Bg6 Nfd6 26. Ne5 Qc7 27. Bxe8 Nxe8 28. Qf5 Nf6 29. g4 Qb7 30. g5 hxg5 31. hxg5 Ne4 32. Qf8+ Kh7 33. g6+ Kh6 34. Qf4+ 1-0

[Event "HUN-chT 1516"]
[Site "Hungary"]
[Date "2016.03.20"]
[Round "6.12"]
[White "Bali, Adam"]
[Black "Gara, Ticia"]
[Result "0-1"]
[WhiteElo "1928"]
[BlackElo "2353"]
[PlyCount "62"]
[EventDate "2015.11.07"]
[EventType "team-tourn"]
[EventRounds "11"]
[EventCountry "HUN"]
[SourceTitle "CBM 171 Extra"]
[Source "ChessBase"]
[SourceDate "2016.04.26"]
[SourceVersion "1"]
[SourceVersionDate "2016.04.26"]
[SourceQuality "1"]
[WhiteTeam "Csuti"]
[BlackTeam "Aquaprofit"]
[WhiteTeamCountry "HUN"]
[BlackTeamCountry "HUN"]

1. e4 c5 2. Nf3 Nc6 3. d4 cxd4 4. Nxd4 Qb6 5. Nb3 Nf6 6. Nc3 e6 7. Be3 Qc7 8. a3 a6 9. Be2 b5 10. f4 d6 11. 0-0 Be7 12. Bf3 Bb7 13. Qe2 0-0 14. Qf2 Nd7 15. g4 Nc5 16. Nxc5 dxc5 17. Bg2 Nd4 18. g5 f6 19. gxf6 Rxf6 20. Kh1 Raf8 21. Rad1 Bd6 22. Bxd4 Rxf4 23. Qe3 cxd4 24. Qxd4 Rxf1+ 25. Rxf1 Rxf1+ 26. Bxf1 Qf7 27. Qd3 Qf4 28. Qe2 Be5 29. Bh3 Kf7 30. Qh5+ Ke7 31. Qg4 Qxh2# 0-1

[Event "HUN-chT 1516"]
[Site "Hungary"]
[Date "2015.12.06"]
[Round "4.12"]
[White "Polyik, Peter"]
[Black "Bali, Adam"]
[Result "1-0"]
[WhiteElo "2260"]
[BlackElo "1928"]
[PlyCount "59"]
[EventDate "2015.11.07"]
[EventType "team-tourn"]
[EventRounds "11"]
[EventCountry "HUN"]
[SourceTitle "CBM 169 Extra"]
[Source "ChessBase"]
[SourceDate "2015.12.18"]
[SourceVersion "1"]
[SourceVersionDate "2015.12.18"]
[SourceQuality "1"]
[WhiteTeam "Kobanya Aquarena"]
[BlackTeam "Csuti"]
[WhiteTeamCountry "HUN"]
[BlackTeamCountry "HUN"]

1. d4 d5 2. c4 e6 3. Nc3 Nf6 4. cxd5 exd5 5. Bg5 Nbd7 6. e3 Be7 7. Qc2 0-0 8. Bd3 c6 9. Nf3 g6 10. 0-0 Re8 11. Rab1 Nf8 12. b4 a6 13. a4 Ne6 14. Bh4 Ng7 15. b5 axb5 16. axb5 Bf5 17. bxc6 bxc6 18. Ne5 Rc8 19. Rb7 Bxd3 20. Qxd3 Qd6 21. Na4 Ne4 22. Bxe7 Rxe7 23. Rxe7 Qxe7 24. Qa6 Qe8 25. Nb6 Rc7 26. Rc1 Nf6 27. Qa4 Qb8 28. Qb4 Rb7 29. Rxc6 Nd7 30. Nexd7 1-0

[Event "HUN-chT 1516"]
[Site "Hungary"]
[Date "2015.11.07"]
[Round "1"]
[White "Bali, Adam"]
[Black "Papp, Petra"]
[Result "0-1"]
[WhiteElo "1928"]
[BlackElo "2303"]
[PlyCount "82"]
[EventDate "2015.11.07"]
[EventType "team-tourn"]
[EventRounds "11"]
[EventCountry "HUN"]
[SourceTitle "CBM 169 Extra"]
[Source "ChessBase"]
[SourceDate "2015.12.18"]
[SourceVersion "1"]
[SourceVersionDate "2015.12.18"]
[SourceQuality "1"]
[WhiteTeam "Csuti"]
[BlackTeam "Budapest Titanok"]
[WhiteTeamCountry "HUN"]
[BlackTeamCountry "HUN"]

1. e4 c5 2. Nf3 d6 3. d4 cxd4 4. Nxd4 Nf6 5. Nc3 a6 6. Be2 e5 7. Nb3 Be7 8. 0-0 0-0 9. Be3 Be6 10. Qd2 Nbd7 11. a4 Qc7 12. a5 Rac8 13. Rfc1 Rfe8 14. Bf3 h6 15. Ra4 Qc6 16. Rb4 Nc5 17. Nxc5 dxc5 18. Rb6 Qc7 19. Nd5 Bxd5 20. exd5 Rcd8 21. c4 Bd6 22. Bd1 e4 23. g3 Nd7 24. Rb3 Ne5 25. Rb6 Nd7 26. Rb3 Rb8 27. Bf4 Bxf4 28. gxf4 Qd6 29. Rcc3 Qf6 30. Rg3 b5 31. Rg4 Qd4 32. Qxd4 cxd4 33. Rbg3 g6 34. cxb5 Rxb5 35. Ba4 Rb7 36. Bc6 Rc7 37. f5 g5 38. f4 e3 39. Kf1 d3 40. Ke1 Nf6 41. Rh4 Nxd5 0-1

[Event "HUN-chT2 Szechenyi 1516"]
[Site "Hungary"]
[Date "2015.10.04"]
[Round "2.9"]
[White "Gombocz, Zsofia"]
[Black "Bali, Adam"]
[Result "1-0"]
[WhiteElo "1730"]
[BlackElo "1960"]
[PlyCount "77"]
[EventDate "2015.09.13"]
[EventType "team-tourn"]
[EventRounds "11"]
[EventCountry "HUN"]
[SourceTitle "CBM 170 Extra"]
[Source "ChessBase"]
[SourceDate "2016.02.25"]
[SourceVersion "1"]
[SourceVersionDate "2016.02.25"]
[SourceQuality "1"]
[WhiteTeam "Sarvar"]
[BlackTeam "Csuti Baki Agrocentrum"]
[WhiteTeamCountry "HUN"]
[BlackTeamCountry "HUN"]

1. e4 e6 2. d4 d5 3. Nd2 Nf6 4. e5 Nfd7 5. Ne2 c5 6. Nf3 Nc6 7. c3 Be7 8. Nf4 Nf8 9. Bd3 Ng6 10. 0-0 cxd4 11. cxd4 Bd7 12. Nh5 Kf8 13. Be3 Be8 14. Nd2 f5 15. exf6 gxf6 16. Qe2 Qd6 17. Nb3 b6 18. Rae1 Rg8 19. Bd2 Bd7 20. Qe3 Ke8 21. Qh6 Nf8 22. Bf4 e5 23. dxe5 Nxe5 24. Bxe5 fxe5 25. Qxd6 Bxd6 26. Nf6+ Kf7 27. Nxg8 Kxg8 28. Rd1 Bc6 29. Be4 dxe4 30. Rxd6 Bd7 31. Rfd1 Be6 32. Rd8 Bxb3 33. axb3 Rxd8 34. Rxd8 Kf7 35. b4 Ne6 36. Rd7+ Kf6 37. Rxh7 Ng7 38. Kf1 a6 39. Rh6+ 1-0

[Event "HUN-chT2 Szechenyi 1314"]
[Site "Hungary"]
[Date "2014.04.13"]
[Round "10.9"]
[White "Bali, Adam"]
[Black "Szittar, Antal"]
[Result "1/2-1/2"]
[WhiteElo "1673"]
[BlackElo "1940"]
[PlyCount "69"]
[EventDate "2013.09.08"]
[EventType "team-tourn"]
[EventRounds "11"]
[EventCountry "HUN"]
[SourceTitle "EXT 2016"]
[Source "ChessBase"]
[SourceDate "2015.10.08"]
[SourceVersion "1"]
[SourceVersionDate "2015.10.08"]
[SourceQuality "1"]
[WhiteTeam "Baki Agrocentrum"]
[BlackTeam "Keszthely Spartacus"]
[WhiteTeamCountry "HUN"]
[BlackTeamCountry "HUN"]

1. e4 e6 2. d4 d5 3. Nd2 Nf6 4. e5 Nfd7 5. Bd3 c5 6. c3 Nc6 7. Ne2 Qb6 8. Nf3 cxd4 9. cxd4 Bb4+ 10. Bd2 Bxd2+ 11. Qxd2 Qb4 12. a3 Qxd2+ 13. Nxd2 f6 14. f4 fxe5 15. fxe5 0-0 16. Rf1 Rxf1+ 17. Kxf1 Nb6 18. Rc1 Bd7 19. Ke1 Rc8 20. b4 Kf7 21. Nb3 g6 22. Kd2 Nd8 23. Rxc8 Bxc8 24. Nc3 Ke7 25. Nb5 a6 26. Nd6 Bd7 27. Nc5 Bc6 28. b5 axb5 29. Bxb5 Bxb5 30. Nxb5 Nc4+ 31. Kd3 b6 32. Nb3 Kd7 33. Nd2 Nxd2 34. Kxd2 Nb7 35. Kd3 1/2-1/2

[Event "HUN-chT2 Szechenyi 1314"]
[Site "Hungary"]
[Date "2013.11.17"]
[Round "5.11"]
[White "Szalay, Istvan"]
[Black "Bali, Adam"]
[Result "1/2-1/2"]
[WhiteElo "1473"]
[BlackElo "1673"]
[PlyCount "108"]
[EventDate "2013.09.08"]
[EventType "team-tourn"]
[EventRounds "11"]
[EventCountry "HUN"]
[SourceTitle "EXT 2016"]
[Source "ChessBase"]
[SourceDate "2015.10.08"]
[SourceVersion "1"]
[SourceVersionDate "2015.10.08"]
[SourceQuality "1"]
[WhiteTeam "Arboretum"]
[BlackTeam "Baki Agrocentrum"]
[WhiteTeamCountry "HUN"]
[BlackTeamCountry "HUN"]

1. d4 d5 2. Bf4 Nf6 3. Nc3 Bf5 4. h3 c6 5. e3 e6 6. a3 Bd6 7. Bxd6 Qxd6 8. Bd3 Bxd3 9. Qxd3 Nbd7 10. Nf3 Nb6 11. b3 Nfd7 12. 0-0 Nc8 13. Ne2 Ne7 14. Ng3 Ng6 15. a4 Nf6 16. Rac1 0-0 17. c4 Rac8 18. c5 Qd7 19. b4 a6 20. a5 Rce8 21. Rfe1 e5 22. Qd1 e4 23. Nh2 Re7 24. Nh5 Nxh5 25. Qxh5 f5 26. g3 Rf6 27. Qe2 Nf8 28. f4 h6 29. h4 g5 30. Kh1 Rg7 31. Rg1 Qe8 32. Rg2 Rfg6 33. Qh5 Qe6 34. Qe2 Qf6 35. h5 gxf4 36. hxg6 f3 37. Nxf3 exf3 38. Qxf3 Nxg6 39. Rh2 Ne7 40. Qf4 Kh7 41. Rg1 Rg4 42. Qf3 Qe6 43. Rh4 Ng6 44. Rxg4 fxg4 45. Qf2 Kg7 46. Rf1 h5 47. Qf5 Qxe3 48. Qf7+ Kh6 49. Qf2 Qe4+ 50. Kg1 Qe7 51. Re1 Qg7 52. Re6 Qc7 53. Qe3+ Kh7 54. Kg2 Qf7 1/2-1/2

[Event "HUN-chT2 Szechenyi 1314"]
[Site "Hungary"]
[Date "2013.10.20"]
[Round "3.11"]
[White "Ragats, Bertalan"]
[Black "Bali, Adam"]
[Result "1/2-1/2"]
[WhiteElo "1631"]
[BlackElo "1673"]
[PlyCount "99"]
[EventDate "2013.09.08"]
[EventType "team-tourn"]
[EventRounds "11"]
[EventCountry "HUN"]
[SourceTitle "EXT 2016"]
[Source "ChessBase"]
[SourceDate "2015.10.08"]
[SourceVersion "1"]
[SourceVersionDate "2015.10.08"]
[SourceQuality "1"]
[WhiteTeam "Lovo"]
[BlackTeam "Baki Agrocentrum"]
[WhiteTeamCountry "HUN"]
[BlackTeamCountry "HUN"]

1. e4 e6 2. d4 d5 3. Nc3 Bb4 4. e5 c5 5. a3 Bxc3+ 6. bxc3 Ne7 7. Nf3 Nbc6 8. Bb5 Qa5 9. Bxc6+ bxc6 10. Bd2 c4 11. 0-0 Ng6 12. Qb1 0-0 13. Qb4 Qb5 14. Rab1 Qxb4 15. cxb4 Bd7 16. Kh1 Rab8 17. Ng1 Rb7 18. Ne2 Rfb8 19. f4 a5 20. Rb2 Ne7 21. Rfb1 f6 22. Bc3 a4 23. Rf1 Nf5 24. Bd2 Ra7 25. c3 Rf8 26. Rbb1 Be8 27. h3 Raf7 28. Kg1 Ne7 29. Rbe1 Nc8 30. Bc1 Na7 31. Bd2 Nb5 32. Bc1 Re7 33. Bb2 Bg6 34. Ng3 f5 35. Kf2 Be8 36. Ne2 h6 37. Ke3 g5 38. g3 Bh5 39. Nc1 Rg7 40. Rg1 Kh7 41. Kf2 gxf4 42. gxf4 Rfg8 43. Rxg7+ Rxg7 44. Rg1 Rxg1 45. Kxg1 Kg6 46. Kf2 Bd1 47. Ke1 Bf3 48. Kf2 Be4 49. Ne2 Kh5 50. Kg3 1/2-1/2